|
|
|
|
| LEADER |
01199nam a22002891a 4500 |
| 020 |
|
|
|a 9789380326610
|c 0.00
|
| 040 |
|
|
|a SSUS - Library - Kalady
|
| 082 |
|
|
|a S 294.543
|b ABH/A
|
| 100 |
|
|
|a Abhinavagupta
|
| 245 |
|
|
|a Abhinavastotravalih of Abhinavaguptapadacharya
|h [Text]
|
| 260 |
|
|
|a Varanasi
|b Chowkhambha Surabharati
|c 2011
|
| 300 |
|
|
|a 84p.
|
| 440 |
|
|
|a The Chaukhamba Surbharati Granthamala
|v 502
|
| 600 |
|
|
|a Hinduism
|
| 600 |
|
|
|a Stotras Hinduism
|
| 600 |
|
|
|a Religion
|
| 700 |
|
|
|a Shashishekhar Chaturvedi (ed.)
|
| 852 |
|
|
|h S 294.543
|i ABH/A
|p 067405
|9 300.00
|t 0
|
| 852 |
|
|
|h S 294.543
|i ABH/A
|p 067706
|9 300.00
|t 0
|
| 852 |
|
|
|h S 294.543
|i ABH/A
|p 071558
|9 300.00
|t 0
|
| 942 |
|
|
|c BK
|
| 942 |
|
|
|c BK
|
| 942 |
|
|
|c BK
|
| 999 |
|
|
|c 655
|d 655
|
| 952 |
|
|
|0 0
|1 0
|4 0
|6 S_294_543000000000000_ABH_A
|7 0
|9 1083
|a SSUS
|b SSUS
|d 2015-01-08
|g 300.00
|o S 294.543 ABH/A
|p 067405
|r 2016-12-19
|v 0.00
|w 2015-01-08
|y BK
|
| 952 |
|
|
|0 0
|1 0
|4 0
|6 S_294_543000000000000_ABH_A
|7 0
|9 1084
|a SSUS
|b SSUS
|d 2015-01-08
|g 300.00
|o S 294.543 ABH/A
|p 067706
|r 2015-01-08
|v 0.00
|w 2015-01-08
|y BK
|
| 952 |
|
|
|0 0
|1 0
|4 0
|6 S_294_543000000000000_ABH_A
|7 0
|9 1085
|a SSUS
|b SSUS
|d 2015-01-08
|g 300.00
|o S 294.543 ABH/A
|p 071558
|r 2015-01-08
|v 0.00
|w 2015-01-08
|y BK
|